線路幅が標準軌の路線を選ぶ -サドンデス- - Statistics

General Stats
  • This quiz has been taken 841 times
  • The average score is 11 of 17
Answers on the Grid
Answers color-coded by a green-red scale on the quiz's grid according to % correct below.
東海道新幹線
西九州新幹線
JR東海道本線
JR関西本線
JR奥羽本線
JR北陸本線
JR博多南線
JR山手線
JR上越線
JR阪和線
京王京王線
京成本線
京急本線
西武池袋線
相鉄本線
東武東上本線
東急東横線
小田急小田原線
名鉄名古屋本線
近鉄大阪線
阪神本線
阪急神戸本線
西鉄天神大牟田線
東京メトロ東西線
都営大江戸線
横浜市営ブルーライン
京都市営烏丸線
大阪メトロ御堂筋線
箱根登山電車
富山地方鉄道本線
四日市あすなろう鉄道内部線
琴電琴平線
 
Answer Stats
Answer % Correct
東海道新幹線
98%
西九州新幹線
95%
JR博多南線
78%
京成本線
76%
京急本線
76%
近鉄大阪線
71%
阪神本線
67%
阪急神戸本線
67%
JR奥羽本線
62%
京都市営烏丸線
59%
大阪メトロ御堂筋線
56%
箱根登山電車
51%
西鉄天神大牟田線
50%
都営大江戸線
50%
横浜市営ブルーライン
50%
琴電琴平線
46%
JR上越線
29%
No matching quizzes found
Score Distribution
Percent of People with Each Score
Percentile by Number Answered
Your Score History
You have not taken this quiz